Statistics for former names of countrys 2

Click here to take the quiz!

General Stats

  • This quiz has been taken 155 times
  • The average score is 8 of 15

Answer Stats

HintAnswer% Correct
British HondurasBelize
81%
BohemiaCzech republic
75%
UrundiBurundi
70%
British North BorneoMalaysia
69%
HelvetiaSwitzerland
65%
DahomeyBenin
59%
KirgiziaKyrgyzstan
57%
AbkhaziaGeorgia
55%
Gilbert islandsKiribati
52%
French SudanMali
50%
BiafraNigeria
47%
AlbionUK
46%
Friendly islandTonga
32%
AlashiyaCyprus
25%
TylosBahrain
16%

Score Distribution

Percentile by Number Answered

Percent of People with Each Score

Your Score History

You have not taken this quiz